[Event "ch-CHN w 2017"]
[Site "Xinghua CHN"]
[Date "2017.05.04"]
[Round "11.2"]
[White "Gu, Tianlu"]
[Black "Zhang, Lanlin"]
[Result "1/2-1/2"]
[WhiteTitle "WIM"]
[WhiteElo "2212"]
[BlackElo "2080"]
[WhiteFideId "8603995"]
[BlackFideId "8608032"]
[EventDate "2017.04.23"]

1. e4 e5 2. Nf3 Nc6 3. Nc3 Nf6 4. Bc4 Bc5 5. d3 h6 6. h3 a6 7. Nd5 d6 8. c3 Be6
9. O-O Bxd5 10. exd5 Ne7 11. d4 exd4 12. Nxd4 O-O 13. Qf3 Ng6 14. Bb3 Nd7 15.
Be3 Qf6 16. Qg3 Rfe8 17. Rae1 Nb6 18. a4 Ne7 19. Qg4 Nbxd5 20. Ba2 c6 21. a5
Rad8 22. Bb1 Ng6 23. b4 Ba7 24. Nxc6 bxc6 25. Bxa7 Rxe1 26. Rxe1 Qxc3 27. Rd1
Qxb4 28. Qxb4 Nxb4 29. Bb6 Re8 30. Bxg6 fxg6 31. Rxd6 Rc8 32. Bc5 Nd5 33. Rxg6
Nf6 34. Bd4 Kf7 35. Rg3 c5 36. Bxf6 Kxf6 37. Rc3 Ke5 38. Kf1 Kd4 39. Rg3 Rc7 40.
Ke2 Kc4 41. Kd2 Kb4 42. Rg6 Kxa5 43. Kc3 Kb5 44. f4 Rf7 45. g3 a5 46. Re6 a4 47.
Re8 Ra7 48. Rb8+ Kc6 49. Rc8+ Kd5 50. Kb2 a3+ 51. Ka2 Kd4 52. Rd8+ Kc3 53. g4 c4
54. h4 Rf7 55. f5 h5 56. gxh5 Rxf5 57. Rd7 Rxh5 58. Rxg7 Ra5 59. Rg3+ Kb4 60.
Rg8 Rd5 61. Rb8+ Kc3 62. Rg8 Kc2 63. Kxa3 c3 64. h5 Ra5+ 65. Kb4 Rxh5 66. Rg2+
Kd3 67. Rg3+ Kd4 68. Rxc3 Kd5 1/2-1/2

[Event "ch-CHN w 2017"]
[Site "Xinghua CHN"]
[Date "2017.05.04"]
[Round "11.3"]
[White "Yuan, Ye"]
[Black "Tan, Zhongyi"]
[Result "1/2-1/2"]
[BlackTitle "WGM"]
[WhiteElo "2306"]
[BlackElo "2508"]
[WhiteFideId "8608415"]
[BlackFideId "8603642"]
[EventDate "2017.04.23"]

1. d4 Nf6 2. c4 e6 3. Nc3 Bb4 4. Qc2 b6 5. e4 c5 6. a3 Bxc3+ 7. bxc3 Bb7 8. e5
Ne4 9. Nf3 f5 10. exf6 Nxf6 11. Be2 Be4 12. Qd1 O-O 13. O-O Nc6 14. Ne5 d6 15.
Nxc6 Bxc6 16. f3 Qc7 17. Bg5 e5 18. dxe5 dxe5 19. Qc2 Rae8 20. Bxf6 Rxf6 21. Bd3
Rh6 22. Be4 Rh4 23. Rfe1 Bxe4 24. Rxe4 Rxe4 25. Qxe4 Rd8 26. Re1 h6 27. h3 Qd6
28. h4 Qf6 29. h5 Qf4 30. Qc6 Qxc4 31. Qc7 Qh4 32. Qxe5 Kh8 33. Qe7 Qxe7 34.
Rxe7 a5 35. Rb7 Rd1+ 36. Kf2 Rd2+ 37. Ke3 Rxg2 38. Rxb6 Ra2 39. Rb5 Rxa3 40.
Rxc5 Kg8 41. Kf4 a4 42. Rc8+ Kh7 43. c4 Rc3 44. Kg3 Rc1 45. c5 a3 46. Ra8 Rxc5
47. Rxa3 Rxh5 48. f4 Rh1 49. Ra6 Rg1+ 50. Kh4 Kg8 51. Ra7 Rd1 52. Rb7 Rd6 53.
Rc7 Kh7 54. f5 Rd4+ 55. Kg3 Kg8 56. Ra7 Kf8 57. Rb7 Rd1 58. Kg4 Rg1+ 59. Kf4 Re1
60. Kg4 Re7 61. Rb8+ Kf7 62. Kf4 Rd7 63. Rb6 Ra7 64. Rc6 Ra4+ 65. Kg3 Rd4 66.
Rb6 h5 67. Rg6 Rd1 68. Kh2 Rf1 69. Rg5 h4 70. Rg4 Kf6 71. Rxh4 Kxf5 72. Ra4 Rf4
73. Ra7 g5 74. Kg3 Re4 75. Ra5+ Kg6 76. Ra8 Re3+ 77. Kg4 Re4+ 78. Kg3 Rd4 79.
Rg8+ Kf6 80. Rf8+ Kg7 81. Ra8 Kf6 1/2-1/2

[Event "ch-CHN w 2017"]
[Site "Xinghua CHN"]
[Date "2017.05.04"]
[Round "11.4"]
[White "Lei, Tingjie"]
[Black "Xiao, Yiyi"]
[Result "1/2-1/2"]
[WhiteTitle "GM"]
[BlackTitle "WFM"]
[WhiteElo "2471"]
[BlackElo "2290"]
[WhiteFideId "8605114"]
[BlackFideId "8606161"]
[EventDate "2017.04.23"]

1. c4 Nf6 2. Nc3 c5 3. g3 g6 4. Bg2 Bg7 5. Nf3 Nc6 6. d4 cxd4 7. Nxd4 Nxd4 8.
Qxd4 d6 9. O-O O-O 10. Qd3 a6 11. c5 Qa5 12. cxd6 Rd8 13. Bf4 exd6 14. Rfd1 Bf5
15. Qd2 Qb6 16. Be3 Qb4 17. Bd4 d5 18. Nxd5 Nxd5 19. Bxg7 Kxg7 20. Bxd5 Qxd2 21.
Rxd2 Rd7 22. f3 Rad8 23. Rad1 Be6 24. e4 Bxd5 25. Rxd5 Rxd5 26. exd5 Kf6 27. Kf2
Ke5 28. f4+ Kd6 29. Rc1 Rd7 30. Kf3 Kxd5 31. Rd1+ Kc6 32. Rxd7 Kxd7 33. Ke4 Ke6
34. g4 f5+ 35. gxf5+ gxf5+ 36. Kd4 Kd6 37. Kc4 Kc6 38. a3 a5 39. Kd4 Kd6 40. b3
b6 41. Kc4 Kc6 42. Kd4 Kd6 1/2-1/2